|
|
|
|
| LEADER |
00000nab a2200000 ar4500 |
| 001 |
vtls009306950 |
| 003 |
SK-MaSNL |
| 005 |
20260303060027.0 |
| 008 |
080626c2008 xo cr|p|||||||000 b|slo |
| 038 |
|
|
|a PPPK
|
| 040 |
|
|
|a PPPKCL
|b slo
|c PPPK
|e AACR2
|
| 041 |
0 |
|
|a slo
|
| 044 |
|
|
|a xo
|c SK
|
| 080 |
|
|
|a 712.252
|2 2001
|
| 245 |
0 |
0 |
|a K zeleni by sme mali byť ohľaduplní
|c [autor] (lej) ; foto Mária Lejnarová
|
| 300 |
|
|
|b Fotogr.
|
| 650 |
0 |
7 |
|a verejná zeleň
|2 pppkcl
|9 30960
|
| 650 |
0 |
7 |
|a mestská zeleň
|2 pppkcl
|9 2940
|
| 651 |
|
7 |
|a Poprad (Slovensko)
|2 pppkcl
|9 20155
|
| 700 |
1 |
|
|a Lejnarová, Mária
|4 pht
|9 1004732
|
| 773 |
0 |
|
|t Poprad : noviny občanov mesta
|g Roč. XIX, č. 35 (2008), s. 2
|
| 852 |
|
|
|a PPPK
|b KIS3GCP
|
| 999 |
|
|
|c 1729821
|d 1731751
|